000
00380nam a22001577a 4500
003
MPLRDC
005
20220104125004.0
008
210129b ||||| |||| 00| 0 eng d
082
_a
802.35 STE
100
_a
B.T.W.STEWART
245
_a
百人传实
_c
260
_a
_b
联营出版有限公司
_c
300
_b
平
650
_a
成语、熟语字典
942
_c
BK
_o
802.35 STE
999
_c
23748
_d
23738